Die Entwicklung der Kriminalität der Vorbestraften: eine kriminalstatistische Untersuchung über die Jahre 1914-1933; mit einem Nachtrag für das Jahr 1934 nebst Hauptergebnissen für das Jahr 1936
| Main Author: | |
|---|---|
| Format: | Print Book |
| Language: | German |
| Published: |
Frankfurt am Main [u.a.]
Keip [u.a.]
1977
|
| In: |
Strafrechtliche Abhandlungen (390)
Year: 1977 |
| Edition: | Repr. d. Ausg. Breslau-Neukirch 1938 |
| Availability in Tübingen: | Present in Tübingen. IFK: B VIII 56 |
| Check availability: | HBZ Gateway |
| Subito Delivery Service: | Order now. |
| Keywords: |
MARC
| LEADER | 00000cam a2200000 c 4500 | ||
|---|---|---|---|
| 001 | 1076332099 | ||
| 003 | DE-627 | ||
| 005 | 20260206200630.0 | ||
| 007 | tu | ||
| 008 | 850101s1977 gw ||||| 00| ||ger c | ||
| 035 | |a (DE-627)1076332099 | ||
| 035 | |a (DE-603)213255294 | ||
| 035 | |a (DE-576)006332099 | ||
| 035 | |a (DE-599)BSZ006332099 | ||
| 035 | |a (OCoLC)609854275 | ||
| 035 | |a (OCoLC)310438067 | ||
| 035 | |a (OCoLC)609854275 | ||
| 035 | |a (DE-604)8057388229 | ||
| 040 | |a DE-627 |b ger |c DE-627 |e rakwb | ||
| 041 | |a ger | ||
| 044 | |c XA-DE |c XB-JP | ||
| 084 | |a PH 2100 |2 rvk |0 (DE-625)rvk/135978: | ||
| 100 | 1 | |a Richter, Ernst |d 19XX- |0 (DE-588)1055394869 |0 (DE-627)793473462 |0 (DE-576)411594737 |4 aut | |
| 109 | |a Richter, Ernst 19XX- | ||
| 245 | 1 | 4 | |a Die Entwicklung der Kriminalität der Vorbestraften |b eine kriminalstatistische Untersuchung über die Jahre 1914-1933; mit einem Nachtrag für das Jahr 1934 nebst Hauptergebnissen für das Jahr 1936 |c Ernst Richter |
| 250 | |a Repr. d. Ausg. Breslau-Neukirch 1938 | ||
| 264 | 1 | |a Frankfurt am Main [u.a.] |b Keip [u.a.] |c 1977 | |
| 300 | |a IX, 202 S. | ||
| 336 | |a Text |b txt |2 rdacontent | ||
| 337 | |a ohne Hilfsmittel zu benutzen |b n |2 rdamedia | ||
| 338 | |a Band |b nc |2 rdacarrier | ||
| 490 | 1 | |a Strafrechtliche Abhandlungen |v 390 | |
| 500 | |a Literaturverzeichnis Seite VII - IX | ||
| 583 | 1 | |a Archivierung prüfen |c 20240324 |f DE-4165 |z 2 |2 pdager | |
| 830 | 0 | |a Strafrechtliche Abhandlungen |v 390 |9 390.1977 |w (DE-627)130113891 |w (DE-576)015644383 |w (DE-600)504194-6 |x 0720-7271 |7 am | |
| 889 | |w (DE-627)186107498 | ||
| 935 | |i mdedup | ||
| 936 | r | v | |a PH 2100 |b Schriftenreihen, Serien |k Rechtswissenschaft |k Strafrecht, Strafverfahrensrecht, Kriminologie |k Allgemeines und Geschichte |k Allgemeines |k Schriftenreihen, Serien |0 (DE-627)1275295363 |0 (DE-625)rvk/135978: |0 (DE-576)205295363 |
| 936 | s | n | |a p100 |2 mzub |
| 951 | |a BO | ||
| ELC | |b 1 | ||
| LOK | |0 000 xxxxxcx a22 zn 4500 | ||
| LOK | |0 001 2049678916 | ||
| LOK | |0 003 DE-627 | ||
| LOK | |0 004 1076332099 | ||
| LOK | |0 005 20141013171931 | ||
| LOK | |0 008 930319||||||||||||||||ger||||||| | ||
| LOK | |0 040 |a DE-21-110 |c DE-627 |d DE-21-110 | ||
| LOK | |0 689 |a s |a Vorbestrafung | ||
| LOK | |0 852 |a DE-21-110 | ||
| LOK | |0 852 1 |c B VIII 56 |m p |9 00 | ||
| LOK | |0 935 |a k110 | ||
| LOK | |0 936ln |a 8.8.5 | ||
| LOK | |0 938 |k p | ||
| LOK | |0 939 |a 19-03-93 |b l01 | ||
| ORI | |a SA-MARC-krimdoka001.raw | ||
| SIG | |a IFK: B VIII 56 | ||
